000 00706nam a2200217Ia 4500
003 IN-BaIIA
005 20250707110810.0
008 211028s9999 xx 000 0 eng d
020 _a0-262-06045-0
040 _cIIA Library
080 _a629.19 (047.1)
_bPAA-26
245 0 _aCommunication satellites for the 70's
_bsystems
_cE. Nathaniel Feldman and M. Charles Killy
260 _aLondon
_bMIT Press
_c1971
300 _axxi, 657p.
490 _aProgress in astronautics and aeronautics
_v26
650 _aAstronomy and Astrophysics Thesaurus
650 _aSatellite Communications
_97235
700 _aFeldman, E Nathaniel., ed.
_97236
700 _aKilly, Charles M., ed.
_97237
942 _cBK
_2ddc
999 _c4098
_d4098